| 000 | 00998nam a2200253 a 4500 | ||
|---|---|---|---|
| 001 | 83947 | ||
| 003 | BD-RjUL | ||
| 005 | 20240701104617.0 | ||
| 008 | 240701s2005 bg a|||| m||| 00| 0 eng d | ||
| 035 | _a(BD-RjUL) 83947 | ||
| 040 |
_aBD-RjUL _beng _cBD-RjUL _dBD-RjUL |
||
| 041 | _aeng | ||
| 082 |
_223 _a639.2 _bKHF 2005 |
||
| 100 |
_aKhan, Md. Shamsul Iqbal _913413 |
||
| 245 | 1 | 0 |
_aFisheries Status and Ecobiology of the Rivers of Kushtia / _cBy Md. Shamsul Iqbal Khan ; _6Supervisor : M. Altaf Hossain, Supervisor : M. Habibur Rahman |
| 260 |
_aRajshahi : _bInstitute of Biological Sciences, University of Rajshahi, _c2005 |
||
| 300 |
_a[16], v, 195 L:eaves : _bill, ; _c29 cm. |
||
| 502 | _aThesis (Ph. D.) -- Institute of Biological Sciences, University of Rajshahi, 2005 | ||
| 504 | _aReferences : Leaves [150]-169 | ||
| 650 |
_aCommercial Fishries _vFisheries Status _913415 |
||
| 700 | _aHossain, M. Altaf, Supervisor | ||
| 700 | _aRahman, M. Habibur, Supervisor | ||
| 942 |
_2ddc _cTHE |
||
| 999 |
_c83947 _d83947 |
||